Biện pháp tăng khả năng sinh sản của giống gà nòi nuôi thả vườn ở Đồng bằng sông Cửu Long
Đề tài xác định khả năng sinh sản của giống gà Nòi nuôi theo phương thức truyền thống tại các nông hộ ở đồng bằng Sông Cửu Long, xác định mức độ trao đổi và protein thô hợp lý trong khẩu phần ăn của gà trong giai đoạn 29 - 76 tuần tuổi, tu...
Đã lưu trong:
| Príomhúdar: | |
|---|---|
| Formáid: | Leabhar |
| Teanga: | Undetermined |
| Foilsithe: |
Cần Thơ
Trường Đại học Cần Thơ
2009
|
| Ábhair: | |
| Clibeanna: |
Cuir Clib Leis
Gan Chlibeanna, Bí ar an gcéad duine leis an taifead seo a chlibeáil!
|
| Thư viện lưu trữ: | Trung tâm Học liệu Trường Đại học Cần Thơ |
|---|
| LEADER | 01279nam a2200229Ia 4500 | ||
|---|---|---|---|
| 001 | CTU_165187 | ||
| 008 | 210402s9999 xx 000 0 und d | ||
| 082 | |a 636.587 | ||
| 082 | |b Qu603 | ||
| 088 | |a TNCS2009-30 | ||
| 100 | |a Nguyễn, Văn Quyên | ||
| 245 | 0 | |a Biện pháp tăng khả năng sinh sản của giống gà nòi nuôi thả vườn ở Đồng bằng sông Cửu Long | |
| 245 | 0 | |c Chủ nhiệm Nguyễn Văn Quyên | |
| 260 | |a Cần Thơ | ||
| 260 | |b Trường Đại học Cần Thơ | ||
| 260 | |c 2009 | ||
| 520 | |a Đề tài xác định khả năng sinh sản của giống gà Nòi nuôi theo phương thức truyền thống tại các nông hộ ở đồng bằng Sông Cửu Long, xác định mức độ trao đổi và protein thô hợp lý trong khẩu phần ăn của gà trong giai đoạn 29 - 76 tuần tuổi, từ đó đưa ra quy trình nuôi dưỡng giống gà Nòi giai đoạn sinh sản hợp lý. | ||
| 650 | |a Chickens,Poultry,Gà,Gia cầm | ||
| 650 | |z Vietnam,Vietnam,Việt Nam,Việt Nam | ||
| 904 | |i Trọng Hiếu | ||
| 915 | |a NN | ||
| 980 | |a Trung tâm Học liệu Trường Đại học Cần Thơ | ||